|
|
|
|
| LEADER |
00000nas a22000001a 4500 |
| 001 |
vtls010301596 |
| 003 |
SK-MaSNL |
| 005 |
20260228161611.0 |
| 008 |
110810d19521952xo mr p r 0 b0slo |
| 015 |
|
|
|a SNBDS17XX9999
|
| 015 |
|
|
|a 0718
|2 Balúnová 1945-60
|
| 038 |
|
|
|a SNKBUDS
|
| 040 |
|
|
|a SNK
|b slo
|c SNK
|e AACR2
|
| 041 |
0 |
|
|a slo
|
| 044 |
|
|
|a xo
|c SK
|
| 080 |
|
|
|a 661.1/.2
|2 2001
|
| 245 |
0 |
0 |
|a Mladá smena
|b časopis pracujúcich Sklární „Clara“ n. p., závod Kühmayer v Bratislave
|
| 260 |
|
|
|a Bratislava
|b Sklárne Clara, n. p., z. Kühmayer
|c 1952
|
| 300 |
|
|
|a 3 čís.
|c 31 x 21 cm
|
| 310 |
|
|
|a 1x mesačne
|
| 362 |
0 |
|
|a Roč. I, č. 1 (4.9.1952)-č. 3 (3.11.1952)
|
| 500 |
|
|
|a Vych. v Bratislave mesačne
|
| 500 |
|
|
|a Ved. red. Július Hartl
|
| 500 |
|
|
|a Vyd. ZS ROH Sklární „Clara“, n. p., z. Kühmayer v Bratislave
|
| 500 |
|
|
|a Tlač. rozmnož. rotaprintom v záv. Kühmayer v Bratislave
|
| 500 |
|
|
|a Vych. od 4. sept. 1952. Pov. PIO č. 12 122/52-IV/2 z 29. júla 1952. Posl. číslo 3 z nov. 1952
|
| 505 |
8 |
0 |
|g Roč. I. 1952 3 č. po 12 s.
|
| 650 |
0 |
7 |
|a sklárstvo
|2 SNKPH
|9 26917
|
| 655 |
|
7 |
|a podnikové časopisy
|2 SNKBUDS
|9 265225
|
| 700 |
1 |
|
|a Hartl, Július
|4 pbd
|9 269013
|
| 710 |
2 |
|
|a Clara (firma : Utekáč, Slovensko)
|4 pbl
|9 262957
|
| 852 |
|
|
|a SNK
|b 10000
|h ČSB 714
|
| 852 |
|
|
|a UKB
|b 300000
|h SB 1102
|
| 852 |
|
|
|a SVKKK
|b 900000
|h C 272
|
| 999 |
|
|
|c 5789
|d 7719
|